Online Catalogue and eLibrary

Galu puranaya (Record no. 5339)

MARC details
000 -LEADER
fixed length control field 00371nam a2200157Ia 4500
005 - DATE AND TIME OF LATEST TRANSACTION
control field 20250704021331.0
008 - FIXED-LENGTH DATA ELEMENTS--GENERAL INFORMATION
fixed length control field 240331s9999 xx 000 0 und d
020 ## - INTERNATIONAL STANDARD BOOK NUMBER
ISBN 9552005442
082 ## - DDC Classification
Item Number - Author Mark PAR
Class No. 954
100 ## - MAIN ENTRY--PERSONAL NAME
Personal name Paranavitharana,K.D
245 #0 - TITLE STATEMENT
Title Galu puranaya
260 ## - PUBLICATION, DISTRIBUTION, ETC.
Place of publication, distribution, etc. Colombo
Name of publisher, distributor, etc. S. Godage & Brothers
Date of publication, distribution, etc. 1991
300 ## - PHYSICAL DESCRIPTION
Extent (e.g. Volumes, Pages etc.) 80 p .,
650 ## - SUBJECT ADDED ENTRY--TOPICAL TERM
Topical term or geographic name entry element History
942 ## - Koha item type (Biblio)
Koha item type Books in Stacks (Lending)
Holdings
Lost status Damaged status Collection code Home library Current library Shelving location Date acquired Full call number Accession Number Item type
    Lending WERC Library WERC Library Social Science Cupboard 03/31/2024 95493 PAR 3115 Books in Stacks (Lending)

© WERC Library